000 00702nam a2200265 a 4500
003 AR-BaBNM
005 20251128205133.0
008 082120s2002 ||||||||||||||000 | spa||
020 _a84-215-06786-1
040 _cAR-BaBNM
100 1 _aStefanides, Menelaos
245 0 0 _aApolo y su lira
_bApolo-Hermes
260 _aBarcelona
_bArtes Gráficas Cobas
_c1980
300 _a32 p.
_bil.
490 0 _aMitologĂ­a griega. Los dioses del Olimpo
_vv. 3
650 4 _aCUENTO INFANTIL
650 4 _aLITERATURA INFANTIL
650 4 _aMITOLOGIA
651 4 _aGrecia
653 _aADAPTACIONES LITERARIAS
655 _aLITERATURA
700 1 _aStefanides, Yannis
942 _cBK
998 _cisola
999 _c10143
_d10143